00651nam a2200145Ia 4500008004100000020001800041100001900059245009400078260003900172650001400211650012600225856004400351999001900395952009100414171212s9999 xx 000 0 und d a9780874212921 aJohanek, Cindy cJohanek, CindyaComposing ResearchbA Contextualist Paradigm for Rhetoric and Composition bUniversity Press of Coloradoc2000 aEducation aEnglish language -- Rhetoric -- Study and teaching -- Research; English language -- Composition and exercises -- Research uhttp://www.jstor.org/stable/j.ctt46nrtw c353048d353048 001040aCLbCLd2017-12-12l0oPE1404 .J58 2000r2017-12-12 00:00:00w2017-12-12yCBE